LEADER 01059nam0-22003731--450- 001 990004618710403321 005 20150216115309.0 035 $a000461871 035 $aFED01000461871 035 $a(Aleph)000461871FED01 035 $a000461871 100 $a19990604d1961----km-y0itay50------ba 101 0 $aita 102 $aIT 105 $ay-------001yy 200 1 $a<>ministero degli affari esteri$e1861-1870$fRuggero Moscati 210 $aMilano$cGiuffrè$d1961 215 $aVII, 277 p.$d25 cm 225 1 $a<>organizzazione dello stato$v5 676 $a353.13$v21$zita 700 1$aMoscati,$bRuggero$f<1909-1981>$068361 801 0$aIT$bUNINA$gRICA$2UNIMARC 901 $aBK 912 $a990004618710403321 952 $aDP XXIII-23$b036606$fDEC 952 $aCOLLEZ. 110 (5)$b5789$fFSPBC 952 $a353.13 MOS 1$bI.st.r.c.79$fFLFBC 952 $aCollezione 197(5)$b1397$fFGBC 959 $aDEC 959 $aFLFBC 959 $aFGBC 959 $aFSPBC 996 $aMinistero degli affari esteri$9552918 997 $aUNINA LEADER 02003nas 2200601- 450 001 996321518803316 005 20211024213021.0 011 $a2052-4439 035 $a(DE-599)ZDB2736454-9 035 $a(OCoLC)868950283 035 $a(CKB)2670000000416036 035 $a(CONSER)--2014261004 035 $a(EXLCZ)992670000000416036 100 $a20140124a20139999 --- - 101 0 $aeng 135 $aur||||||||||| 181 $ctxt$2rdacontent 182 $cc$2rdamedia 183 $acr$2rdacarrier 200 00$aBMJ open respiratory research 210 1$aLondon :$cBMJ Publishing Group Ltd & British Thoracic Society,$d[2013]- 215 $a1 online resource 300 $aRefereed/Peer-reviewed 517 1 $aOpen respiratory research 517 1 $aBMJ open resp res 531 $aBMJ OPEN RESPIR RES 606 $aRespiratory therapy$vPeriodicals 606 $aRespiratory organs$xDiseases$vPeriodicals 606 $aRespiratory organs$xDiseases$xTreatment$vPeriodicals 606 $aRespiratory organs$xDiseases$2fast$3(OCoLC)fst01095766 606 $aRespiratory organs$xDiseases$xTreatment$2fast$3(OCoLC)fst01095790 606 $aRespiratory therapy$2fast$3(OCoLC)fst01095819 606 $aRespiratory Tract Diseases 606 $aRespiratory Therapy 608 $aPeriodicals.$2fast 608 $aFulltext. 608 $aInternet Resources. 608 $aPeriodicals. 608 $aPeriodical. 615 0$aRespiratory therapy 615 0$aRespiratory organs$xDiseases 615 0$aRespiratory organs$xDiseases$xTreatment 615 7$aRespiratory organs$xDiseases. 615 7$aRespiratory organs$xDiseases$xTreatment. 615 7$aRespiratory therapy. 615 12$aRespiratory Tract Diseases. 615 12$aRespiratory Therapy. 712 02$aBritish Thoracic Society, 712 02$aBMJ Publishing Group, 906 $aJOURNAL 912 $a996321518803316 996 $aBMJ open respiratory research$92327843 997 $aUNISA LEADER 02985 am 2200853 n 450 001 9910491050603321 005 20240104030734.0 010 $a88-7885-907-9 010 $a88-7885-905-2 024 7 $a10.4000/books.res.7345 035 $a(CKB)5590000000461033 035 $a(FrMaCLE)OB-res-7345 035 $a(PPN)256384320 035 $a(EXLCZ)995590000000461033 100 $a20210609j|||||||| ||| 0 101 0 $aita 135 $auu||||||m|||| 200 02$aL'archetipo cieco$fFederico Vercellone 210 $aTorino$cRosenberg & Sellier$d2021 215 $a1 online resource (224 p.) 311 $a88-7885-904-4 330 $aL?idea che attraversa questo libretto è che la modernità possa essere intesa come l?età dell?archetipo cieco. Questo non significa affatto che si abbia a che fare con un tempo davvero moderno secondo la vulgata più corriva, con un?età cioè che funziona proprio perché ha rinunziato a ogni arcaismo. Si tratta bensì di un?epoca nevrotica che vive di e in ciò che manca e al quale non ha più accesso. Né l?archetipo la illumina, né essa riesce a trovare da sola le risorse per far luce. Esso si trasforma oggi in un pullulare di icone instabili che non riescono, se non per tempi brevissimi, a divenire dei modelli. Il mercato ha stravolto l?archetipo, producendone mille e mille, ma non ne ha messo a tacere la fascinazione che anzi si è fatta sempre più influente e suggestiva. 517 $aArchetipo cieco 517 $aL'archetipo cieco 606 $aPhilosophy 606 $aarchetipo 606 $amodernità 606 $afilosofia estetica 606 $aKiefer 606 $aBoltanski 606 $aHegel 606 $aPareyson 606 $aBreidbach 606 $anichilismo 606 $ateologia politica 606 $aciviltà dell'immagine 606 $aermeneutica 606 $aNuovo Romanticismo 606 $aarchetype 606 $amodernity 606 $aaesthetic philosophy 606 $anihilism 606 $apolitical theology 606 $aimage civilization 606 $ahermeneutics 606 $aNew Romanticism 615 4$aPhilosophy 615 4$aarchetipo 615 4$amodernità 615 4$afilosofia estetica 615 4$aKiefer 615 4$aBoltanski 615 4$aHegel 615 4$aPareyson 615 4$aBreidbach 615 4$anichilismo 615 4$ateologia politica 615 4$aciviltà dell'immagine 615 4$aermeneutica 615 4$aNuovo Romanticismo 615 4$aarchetype 615 4$amodernity 615 4$aaesthetic philosophy 615 4$anihilism 615 4$apolitical theology 615 4$aimage civilization 615 4$ahermeneutics 615 4$aNew Romanticism 700 $aVercellone$b Federico$0157432 801 0$bFR-FrMaCLE 906 $aBOOK 912 $a9910491050603321 996 $aL'archetipo cieco$93658761 997 $aUNINA